000 00250nam a2200097Ia 4500
001 805684
005 20250826171157.0
008 250824s9999 xx 000 0 und d
245 0 _aEDEBİYAT DERSLERİ
_cAHMET HAMDİ TANPINAR
260 _bDERGAH YAYINLARI
999 _c805684
_d805684